• 首页
  • 本馆介绍
  • 公告通知
  • 最新文献
  • 馆藏检索
  • 电子资源
  • 读者导购
  • 参考咨询
  • 我的图书馆
  • 登录
  • 详细信息显示
  • 放入我的书架
  • 预约/预借图书
  • 作者相关作品
  • 分类相关作品
  • 丛书相关作品
  • 出版社相关作品

书目信息

  • 表格格式
  • 工作单格式
  • 卡片格式
题名:
核苷酸营养学
    
 
作者: 李勇 , 徐美虹 主编
分册:  
出版信息: 北京   北京大学医学出版社  2020.12
页数: 410页
开本: 26cm
丛书名:
单 册:
中图分类: Q524
科图分类:
主题词: 核苷酸--营养学
电子资源:
ISBN: 978-7-5659-1463-8
000 00922nam0 2200265 45
001 012001002255
005 20140913152917.0
010    @a978-7-5659-1463-8@dCNY72.00
100    @a20161012d2016 em y0chiy50 ea
101 0  @achi
102    @aCN@b110000
105    @aa z 000yy
106    @ar
200 1  @a核苷酸营养学@Ahe gan suan ying yang xue@b专著@dNucleotide nutrition@f李勇,徐美虹主编@zeng
210    @a北京@c北京大学医学出版社@d2020.12
215    @a410页@c彩图@d26cm
300    @a并列题名:Nucleotide nutrition
330    @a本书从历史沿革到研究前沿,从基本概念到极致描述,从基础研究到临床应用,多层次和系统地阐述了核苷酸的基本知识,以及核苷酸的发现、发展和研发等前景。
510 1  @aNucleotide nutrition@zeng
606 0  @a核苷酸@x营养学
690    @aQ524@v5
701  0 @a李勇@Ali yong@4主编
701  0 @a徐美虹@Axu mei hong@4主编
801  0 @aCN@bBJSDL@c20211011
905    @b1339023-6@dQ524@e334@f4
    
    核苷酸营养学=Nucleotide nutrition/李勇,徐美虹主编.-北京:北京大学医学出版社,2020.12
    410页:彩图;26cm
    并列题名:Nucleotide nutrition
    
    ISBN 978-7-5659-1463-8:CNY72.00
    本书从历史沿革到研究前沿,从基本概念到极致描述,从基础研究到临床应用,多层次和系统地阐述了核苷酸的基本知识,以及核苷酸的发现、发展和研发等前景。
●
相关链接 在E读中查询图书 在五车中查询图书 在当当中查询图书 在豆瓣中查询图书


正题名:核苷酸营养学     索取号:Q524/334         预约/预借

序号 登录号 条形码 馆藏地/架位号 状态 备注
1 1339023   213390230   第二样本阅览室/ [索取号:Q524/334] 在馆    
2 1339024   213390249   第三借阅区/ [索取号:Q524/334] 在馆    
3 1339025   213390258   第三借阅区/ [索取号:Q524/334] 在馆    
4 1339026   213390267   第三借阅区/ [索取号:Q524/334] 在馆    
唐山师范学院图书馆 欢迎您!
大连网信软件有限公司© 版权所有